Hudood,Hudood ordinances and women (Record no. 1166)

MARC details
000 -LEADER
fixed length control field 005550000a22001930004500
003 - CONTROL NUMBER IDENTIFIER
control field LK-CoMWRAF
005 - DATE AND TIME OF LATEST TRANSACTION
control field 20230927111322.0
008 - FIXED-LENGTH DATA ELEMENTS--GENERAL INFORMATION
fixed length control field 230817t ||||| |||| 00| 0 eng d
040 ## - CATALOGING SOURCE
Original cataloging agency LK-CoMWRAF
Modifying agency LK-CoMWRAF
Description conventions LK-CoMWRAF
041 ## - LANGUAGE CODE
Language code of text/sound track or separate title English
082 ## - DEWEY DECIMAL CLASSIFICATION NUMBER
Classification number 297.5
Item number KHA
942 ## - ADDED ENTRY ELEMENTS (KOHA)
Koha item type Books
100 ## - MAIN ENTRY--PERSONAL NAME
Personal name Khan, Mohammad Farooq
245 ## - TITLE STATEMENT
Title Hudood,Hudood ordinances and women
260 ## - PUBLICATION, DISTRIBUTION, ETC. (IMPRINT)
Place of publication, distribution, etc. Islamabad :
Name of publisher, distributor, etc. Organization for research and education,
Date of publication, distribution, etc. 2004
300 ## - PHYSICAL DESCRIPTION
Extent 54p
490 ## - SERIES STATEMENT
Series statement Issues in Muslim society - I
650 ## - SUBJECT ADDED ENTRY--TOPICAL TERM
Topical term or geographic name as entry element Islam--Hudood--ordinances--women
Holdings
Withdrawn status Lost status Damaged status Not for loan Permanent Location Current Location Date acquired Full call number Barcode Koha item type
        Resource center, Muslim Women's Research And Action Forum Resource center, Muslim Women's Research And Action Forum 2023-08-17 297.5 KHA RAF2030 Books
        Resource center, Muslim Women's Research And Action Forum Resource center, Muslim Women's Research And Action Forum 2024-02-29 297.5 KHA RAF5139 Books

Copyright © 2023 Muslim Women's Research and Action Forum (MWRAF), No 27/3, Anderson Road, Kalubowila, Dehiwela. Funded by The Asia Fundation